000 00645nam a2200241 a 4500
001 68603
003 BD-RjUL
005 20211209081805.0
008 190404s1958 ii a 100 0 eng d
020 _cRs:16.00
035 _a(BD-RjUL)68813
040 _aDLC
_cDLC
_dDLC
_beng
041 _aeng
082 0 0 _223
_a535
_bGHG 1958
100 _aGhosh, Krishnapada
_9203349
245 1 0 _aText book of optics /
_cBy Krishnapada Ghosh
260 _aCalcutta :
_bArt Union,
_c[1958?].
300 _a v. p. :
_bill. ;
_c22 cm.
505 0 _aPt.1.Geometrical optics--
650 _aOptics.
_9203350
942 _2ddc
_cBK
999 _c68603
_d68603